Нормативные и методические материалы. Вып.121: Факторные расчеты в планировании деятельности производственных объединений (Запись № 1907282)

Подробности
000 -МАРКЕР
контрольное поле 01851nam2a22002771 4500
001 - ИДЕНТИФИКАТОР ЗАПИСИ
контрольное поле RU\NLR\INFOCOMM29\5000103520
005 - ИДЕНТИФИКАТОР ВЕРСИИ
контрольное поле 20250617144944.0
035 ## - ДРУГИЕ СИСТЕМНЫЕ НОМЕРА
Идентификатор записи (NLR Aleph) 002724848
100 ## - ДАННЫЕ ОБЩЕЙ ОБРАБОТКИ
Данные общей обработки 20050202d1985 |||y0rusy50 ca
101 0# - ЯЗЫК РЕСУРСА
Язык текста, звукозаписи и т.д. русский
102 ## - СТРАНА ПУБЛИКАЦИИ ИЛИ ПРОИЗВОДСТВА
Страна публикации Российская Федерация
105 ## - ПОЛЕ КОДИРОВАННЫХ ДАННЫХ: ТЕКСТОВЫЕ МАТЕРИАЛЫ, МОНОГРАФИЧЕСКИЕ
Кодированные данные о монографическом текстовом документе y ||||000|y
200 1# - ЗАГЛАВИЕ И СВЕДЕНИЯ ОБ ОТВЕТСТВЕННОСТИ
Основное заглавие Факторные расчеты в планировании деятельности производственных объединений
Первые сведения об ответственности В.Т. Лановой
210 ## - ПУБЛИКАЦИЯ, РАСПРОСТРАНЕНИЕ И ДР.
Дата издания, распространения и т.д. 1985
Место издания, распространения и т.д. Б. м.
225 1# - СЕРИЯ
Основное заглавие серии ...
Обозначение тома Вып.121
Наименование части ...
Обозначение тома 1985, Вып.2
461 #0 - УРОВЕНЬ НАБОРА
Встроенное поле 001RU\NLR\INFOCOMM29\5000103102
-- 2001#$aНормативные и методические материалы$fЦНИИ "Электроника"$vВып.121
Системный номер (АБИС) связанной записи 1906097
Автор "Электроника", институт (Москва)
Место публикации М.
Дата публикации 1971-
Первые сведения об ответственности ЦНИИ "Электроника"
Имя издателя, распространителя и т.д. Изд-во ЦНИИ "Электроника"
Заглавие Нормативные и методические материалы
Номер тома Вып.121
462 #0 - УРОВЕНЬ ПОДНАБОРА
Встроенное поле 001RU\NLR\INFOCOMM29\5000103341
-- 2001#$aНормативные и методические материалы$hСерия 2$iЭкономика и системы управления$fЦНИИ "Электроника"$v1985, Вып.2
Системный номер (АБИС) связанной записи 1906855
Автор "Электроника", институт (Москва)
Место публикации М.
Дата публикации 1971-
Первые сведения об ответственности ЦНИИ "Электроника"
Номер части Серия 2
Заглавие части Экономика и системы управления
Имя издателя, распространителя и т.д. Изд-во ЦНИИ "Электроника"
Заглавие Нормативные и методические материалы. - Нормативные и методические материалы
Номер тома 1985, Вып.2
700 #1 - ИМЯ ЛИЦА - ПЕРВИЧНАЯ ОТВЕТСТВЕННОСТЬ
Начальный элемент ввода Лановой
Часть имени, кроме начального элемента ввода В.Т.
Код отношения Автор
801 #1 - ИСТОЧНИК ЗАПИСИ
Страна Российская Федерация
Организация InfoComm
Дата составления 20050202
801 #0 - ИСТОЧНИК ЗАПИСИ
Страна Российская Федерация
Организация NLR
Правила каталогизации PSBO
852 ## - МЕСТОНАХОЖДЕНИЕ И ШИФР ХРАНЕНИЯ
Идентификатор организации NLR
Шифр хранения (Call Number) П10/4740
942 ## - ДОПОЛНИТЕЛЬНЫЕ ЭЛЕМЕНТЫ ЗАПИСИ (АБИС)
Тип экземпляра АБИС Выпуск
980 ## - КОЛЛЕКЦИЯ
Название коллекции Национальная библиография
980 ## - КОЛЛЕКЦИЯ
Название коллекции Русская периодика

Нет доступных экземпляров.